| 000 | 00950cam a2200265 4500 | ||
|---|---|---|---|
| 001 | A323 | ||
| 008 | 090401t1990 xxu||||| |||| 00| 0 eng d | ||
| 035 | _a(Sirsi) u95366 | ||
| 041 | _aeng | ||
| 110 |
_aRoyal Institution of Chartered Surveyors _94900 |
||
| 245 | 4 | _aThe role of a Coal Management Agency. Briefing paper No 3 | |
| 260 |
_bRICS _c1990 |
||
| 300 | _a8p | ||
| 350 | _a3 | ||
| 490 |
_aRICS Memorandum _vGCPPA/Report(90)20 |
||
| 520 | _aDiscusses in detail an RICS recommendation that a Coal Management Agency should be established with a remit to manage the asset once ownership of all coal was vested in the Crown. Describes the duties and responsibilities that could be undertaken by such an Agency. | ||
| 650 | _aCOAL INDUSTRY | ||
| 650 | _aCOAL MANAGEMENT AGENCY | ||
| 650 | _aFUTURE | ||
| 650 | _aPRIVATISATION | ||
| 650 | _aRICS BRIEFING PAPER | ||
| 690 | _aMINING AND MINERALS | ||
| 942 | _n0 | ||
| 948 | _c04/03/1997 | ||
| 999 |
_c98450 _d98450 |
||